| 000 | 00660cam a2200181 i 4500 | ||
|---|---|---|---|
| 005 | 20251108175104.0 | ||
| 008 | 250721s2013 jo gr 000 0 ara d | ||
| 020 | _a9789957225032 | ||
| 082 | 1 | 4 |
_a128.2 _bق ع د |
| 100 | 1 |
_aقعدان، زيدان عبد الفتاح _eمؤلف. |
|
| 245 | 1 | 2 |
_aالعقل البشري : _bمحاولة لفهم عصري / _cتاليف زيدان عبد الفتاح قعدان. |
| 264 | 3 | 1 |
_aعمان : _bدار أسامة للنشر والتوزيع، _c2013. |
| 300 | _a208 صفحة. | ||
| 650 | 1 | 7 | _aالعقل (علم نفس ). |
| 650 | 1 | 7 | _aالفلسفة. |
| 942 |
_2ddc _cBK |
||
| 999 |
_c125902 _d125902 |
||